Alle Länder Europas rückwärts - Statistiken

Allgemein
  • Dieses Quiz wurde 135 mal gespielt
  • Das Durchschnittsergebnis liegt bei 32 aus 45
Antwortstatistiken
Land Eigentlich erster Buchstabe % Korrekt
neigleB B
92%
dnalhcstueD D
88%
neilatI I
83%
dnalnniF F
81%
dnalrI I
81%
neloP P
81%
hcierknarF F
79%
neinapS S
79%
lagutroP P
78%
ziewhcS S
78%
dnalsI I
77%
dnaltsE E
77%
dnaltteL L
77%
kramenäD D
77%
nedewhcS S
77%
negewroN N
77%
hcierretsÖ Ö
76%
arrodnA A
75%
ednalredeiN N
75%
dnalnehceirG G
74%
atlaM M
73%
grubmexuL L
73%
neuatiL L
73%
dnalssuR R
72%
nragnU U
72%
neibreS S
70%
neiragluB B
70%
ocanoM M
70%
suraleB B
70%
eniarkU U
68%
neinewolS S
68%
ovosoK K
68%
neinablA A
66%
neitaorK K
66%
oniraM naS S
66%
iekawolS S
65%
neinämuR R
64%
aniwogezreH dnu neinsoB B
62%
neihcehcsT T
60%
nietsnethceiL L
60%
neinodezamdroN N (M)
59%
orgenetnoM M
59%
tdatsnakitaV V
59%
neiwadloM M
52%
hcierginöK setginiereV V
50%
Keine übereinstimmenden Quizze gefunden
Verteilung der Resultate
Anzahl Personen mit jedem Resultat
Perzentil nach korrekt beantworteten Fragen
Ihre Resultats-Entwicklung
Sie haben dieses Quiz noch nicht gespielt